Organizational Behavior (Record no. 53595)

000 -LEADER
fixed length control field 00379nam a2200145Ia 4500
008 - FIXED-LENGTH DATA ELEMENTS--GENERAL INFORMATION
fixed length control field 260330s9999 xx 000 0 und d
020 ## - INTERNATIONAL STANDARD BOOK NUMBER
International Standard Book Number 9.7893560643e+012
082 ## - DEWEY DECIMAL CLASSIFICATION NUMBER
Classification number 658.4
Item number ROB/O
100 ## - MAIN ENTRY--PERSONAL NAME
Personal name Robbins, Stephen P.
245 #0 - TITLE STATEMENT
Title Organizational Behavior
250 ## - EDITION STATEMENT
Edition statement 18th
260 ## - PUBLICATION, DISTRIBUTION, ETC.
Place of publication, distribution, etc. Noida
Name of publisher, distributor, etc. Pearson India Education Services Pvt Ltd
Date of publication, distribution, etc. 2024
300 ## - PHYSICAL DESCRIPTION
Extent 796p.
942 ## - ADDED ENTRY ELEMENTS (KOHA)
Koha item type Book
Holdings
Withdrawn status Lost status Damaged status Not for loan Collection code Permanent Location Current Location Date acquired Cost, normal purchase price Full call number Barcode Date last seen Price effective from Koha item type
        School of Management (Noida) MUIT-NOIDA MUIT-NOIDA 2026-03-30 1180.00 658.4 ROB/O SOM00968 2026-03-30 2026-03-30 Book

All Rights Reserved@MUIT

Powered by Koha